000 00495nmm a2200157Ia 4500
008 251105s9999||||xx |||||||||||||||||und||
041 _aspa
100 _aLe Goff, Jaques
245 0 _aEn busca del tiempo sagrado :
_b Santiago de la Vorágine y la Leyenda dorada
264 _a[Madrid, España] :
_bAkal,
_c2022
300 _a208 páginas
490 _aUniversitaria
650 _aItalian literature and language
856 _uhttps://public.digitaliapublishing.com/a/113685
942 _cCF
999 _c100913
_d100913